000 00609nam a2200205 i 4500
001 188104
003 ES-MaACL
005 20230906223120.0
008 180503s1978 fr |||| | fre d
020 _a2-277-11259-3
080 _a821.133.1-31"19"
100 1 _aPerec, Georges.
_990443
245 1 4 _aLes choses
_b: une histoire des années soixante /
_cGeorges Perec.
260 _aParis :
_bJ'ai Lu,
_c[1978]
300 _a133 p. ;
_c17 cm.
490 1 _aJ'ai Lu ;
_v259
830 0 _aJ'ai Lu ;
_v259
_9225641
852 _aES-MaACL
_jL-31997
_z. - Donat. Carmen Zumárraga
999 _c188104
_d188104